000 00281nam a22001217a 4500
020 _a0-7214-0752-6
082 _a823
_bBRA/M
100 _aBRADBURY
245 _aON THE MOVE
_bLADY BIRD TODDLER BOOK
260 _aENGLAND
_bLADY BIRD
650 _aENGLISH SHORT STORY
_zUK
942 _cBK
999 _c2607
_d2607